000 00366nam a2200145Ia 4500
008 191201s2004 xx 000 0 und d
082 _a620.1
_bJAF
100 _aJAIN, Anil Kumar
245 0 _aFluid Mechanics Including Hydraulic Machines
250 _a9th
260 _aN.Delhi
_bKhanna Publisher
_c2004
300 _a991
650 _aB.Tech(ME)
942 _2ddc
_cBK
999 _c1937
_d1937